| 000 | 00635cam a2200157 4500 | ||
|---|---|---|---|
| 001 | X118189 | ||
| 008 | 020528n2002 000 0 eng u | ||
| 035 | _a(Sirsi) u118189 | ||
| 245 | _aR (on the application of Doy) and Commissioner for Local Adminsitration) | ||
| 260 | _c2002 | ||
| 490 |
_aJournal of Planning and Environment Law _v[2002] JPL 342-352(11) |
||
| 520 | _aQBD 27 April 2001. Judicial review of decision of Local Ombudsman. Definition of maladministration. Whether decision was perverse (Taken from headnote) | ||
| 650 | _aR V LOCAL ADMINISTRATION COMMISSIONER EX P DOY | ||
| 650 | _aJUDICIAL REVIEW | ||
| 942 | _n0 | ||
| 999 |
_c70380 _d70380 |
||